000 00405nam a2200145Ia 4500
008 230917s9999||||xx |||||||||||||| ||und||
040 _e234834
_aMAIN
041 _aEnglish
082 _a820.9 B326L
100 _aBaugh, Albert C, ed.
245 0 _aLiterary history of England, V4- The Nineteenth century and after (1789-1939)
260 _aLondon
_bRoutledge
_c1977
300 _a1605 p.
942 _cBK
999 _c181377
_d181377